000 01023nam0a2200289 4500
001 RU\NLR\BIBL_A\012821699
005 20260406072359.0
010 _a978-5-7590-1313-6
_9250
035 _a(NLR Aleph) 012821699
090 _a13310111
_c13310111
100 _a20220618d2021 |||y0rusy50 ca
101 0 _achm
102 _aRU
105 _ac z 000gy
181 0 _ai
_baxxe
182 0 _an
200 1 _aШӱмбел Ӳшӳт воктене
_eпочеламут ден муро-влак
_fЗоя Висвис
203 _aТекст
_bвизуальный
_cнепосредственный
210 _aЙошкар-Ола
_cМарый книга изд.
_d2021
215 _a69,[1] c.
_d15
541 1 _aРядом с родным Юшутом
_eстихи, песни
_zrus
686 1 _aШ6(2=Мар)7-5
700 1 _4070
_7ca
_8rus
_aВисвис
_bЗ.
_cмар. писатель
_f1966-
_gЗоя
_9130181
_3RU\NLR\auth-onl\77121
852 _aNLR
_bОНЛ
_jМар. л./1-445
942 _cBOOK
980 _aNB